| 000 | 00759nam a2200229 a 4500 | ||
|---|---|---|---|
| 001 | 28140 | ||
| 003 | BD-RjUL | ||
| 005 | 20211209051237.0 | ||
| 008 | 140329s1951 enka 000 0beng d | ||
| 035 | _a(BD-RjUL)28221 | ||
| 040 |
_aADFA _beng _cADFA _dNUN _dBD-RjUL |
||
| 041 | _aeng | ||
| 082 | 1 | 4 |
_a964.02 _219 _bBLB 1951 |
| 100 | 1 |
_aBlunt, Wilfrid, _d1901- _983496 |
|
| 245 | 1 | 0 |
_aBlack sunrise : _bthe life and times of Mulai Ismail, Emperor of Morocco, 1646-1727 / _cby Wilfrid Blunt. |
| 260 |
_aLondon : _bMethuen, _c1951. |
||
| 300 |
_a294 p., [16] leaves of plates : _bill. ; _c22cm. |
||
| 504 | _aIncludes Index | ||
| 600 | 1 | 0 |
_aIsma`il, Mulai, _cEmperor of Morocco, _d1646-1727. _986236 |
| 651 | 0 |
_aMorocco _xHistory _y1516-1830. _986237 |
|
| 942 |
_2ddc _cBK |
||
| 999 |
_c28140 _d28140 |
||